Statesmanship and political leadership : analyses of Nigeria's fourth republic (Record no. 42770)

MARC details
000 -LEADER
fixed length control field 00527nam a2200181Ia 4500
020 ## - INTERNATIONAL STANDARD BOOK NUMBER
ISBN 9789789722976
050 ## - CALL MARK
Classification number JC 330.3 .F34/
100 ## - STATEMENT OF RESPONSIBILITY--MAIN AUTHOR NAME
Personal name Edited by Fagbohun, Olanrewaju & Adewale Aderemi
245 #0 - TITLE STATEMENT
Title Statesmanship and political leadership : analyses of Nigeria's fourth republic
260 ## - PUBLICATION, DISTRIBUTION, ETC. (IMPRINT)
Place of publication Lagos, Nigeria
260 ## - PUBLICATION, DISTRIBUTION, ETC. (IMPRINT)
Name of publisher Lagos state university press
260 ## - PUBLICATION, DISTRIBUTION, ETC. (IMPRINT)
Year of publication 2019
300 ## - PHYSICAL DESCRIPTION
Number of Pages 562 p
650 ## - SUBJECT ADDED ENTRY--TOPICAL TERM
Topical Term Lagos, Nigeria
942 ## - ADDED ENTRY ELEMENTS (KOHA)
Koha item type Books
Holdings
Withdrawn status Lost status Source of classification or shelving scheme Damaged status Not for loan Permanent Location Current Location Shelving location Date acquired Accession Number Price effective from Koha item type
    Library of Congress Classification     NILE UNIVERSITY OF NIGERIA - MAIN LIBRARY NILE UNIVERSITY OF NIGERIA - MAIN LIBRARY Items on shelf 06/03/2025 0191859 06/03/2025 Books